The bowhead whale / (Record no. 1360)

MARC details
000 -LEADER
fixed length control field 00885nam a22002777a 4500
001 - CONTROL NUMBER
control field 21825431
003 - CONTROL NUMBER IDENTIFIER
control field OSt
005 - DATE AND TIME OF LATEST TRANSACTION
control field 20240703072306.0
008 - FIXED-LENGTH DATA ELEMENTS--GENERAL INFORMATION
fixed length control field 240703b |||||||| |||| 00| 0 eng d
010 ## - LIBRARY OF CONGRESS CONTROL NUMBER
LC control number 2020951156
020 ## - INTERNATIONAL STANDARD BOOK NUMBER
International Standard Book Number 9780128189696
Qualifying information (hardback)
040 ## - CATALOGING SOURCE
Original cataloging agency KMU
Language of cataloging eng
Description conventions rda
Transcribing agency KMU
Modifying agency KMU
042 ## - AUTHENTICATION CODE
Authentication code pcc
050 ## - LIBRARY OF CONGRESS CALL NUMBER
Classification number QL737.C424
245 04 - TITLE STATEMENT
Title The bowhead whale /
Statement of responsibility, etc. Edited by J.C George and J.G.M Thewissen
Remainder of title Balaena mysticetus: Biology and Human Interactions.
264 #1 - PRODUCTION, PUBLICATION, DISTRIBUTION, MANUFACTURE, AND COPYRIGHT NOTICE
Place of production, publication, distribution, manufacture London:
Name of producer, publisher, distributor, manufacturer Academic Press,
Date of production, publication, distribution, manufacture, or copyright notice 2021.
300 ## - PHYSICAL DESCRIPTION
Extent xxiii, 641p.:
Other physical details ill, some col.
Dimensions 25 cm.
336 ## - CONTENT TYPE
Content type term text
Content type code txt
Source rdacontent
337 ## - MEDIA TYPE
Media type term unmediated
Media type code n
Source rdamedia
338 ## - CARRIER TYPE
Carrier type term volume
Carrier type code nc
Source rdacarrier
504 ## - BIBLIOGRAPHY, ETC. NOTE
Bibliography, etc. note Includes bibliographical references and an index.
700 1# - ADDED ENTRY--PERSONAL NAME
Personal name J.G.M Thewissen.
Relator term editor.
700 1# - ADDED ENTRY--PERSONAL NAME
Personal name George J.C.
Relator term editor.
942 ## - ADDED ENTRY ELEMENTS (KOHA)
Source of classification or shelving scheme Library of Congress Classification
Koha item type Non-Fiction
Suppress in OPAC No
Holdings
Withdrawn status Lost status Source of classification or shelving scheme Damaged status Not for loan Collection Home library Current library Shelving location Date acquired Total Checkouts Full call number Barcode Date last seen Price effective from Koha item type
    Library of Congress Classification     Non-fiction Kapasa Makasa University Kapasa Makasa University Open Access 03.07.2024   QL737.C424 Geo 300820 03.07.2024 03.07.2024 Non-Fiction